Lesy na Slovensku
Z obsahu: Súkromných majiteľov na Slovensku čaká združovanie lesov do efektívnejších celkov. Štátne dotácie do lesov nebezpečne klesajú. Drevo tlačí za hranice kríza domáceho priemyslu. Súkromní vlastníci hospodária efektívnejšie ako štát.
Guardado en:
| Autor principal: | |
|---|---|
| Formato: | Capítulo de libro |
| Lenguaje: | eslovaco |
| Materias: | |
| Etiquetas: |
Sin Etiquetas, Sea el primero en etiquetar este registro!
|
MARC
| LEADER | 00000naa a2200000 4500 | ||
|---|---|---|---|
| 001 | r037641 | ||
| 005 | 20230921105408.4 | ||
| 041 | 0 | |a slo | |
| 044 | |a SK | ||
| 245 | 1 | 0 | |a Lesy na Slovensku |c Gabriel Beer |
| 520 | |a Z obsahu: Súkromných majiteľov na Slovensku čaká združovanie lesov do efektívnejších celkov. Štátne dotácie do lesov nebezpečne klesajú. Drevo tlačí za hranice kríza domáceho priemyslu. Súkromní vlastníci hospodária efektívnejšie ako štát. | ||
| 610 | 2 | 0 | |a lesy |
| 610 | 2 | 0 | |a priemysel drevársky |
| 610 | 2 | 0 | |a lesníctvo |
| 610 | 2 | 0 | |a drevo |
| 610 | 2 | 0 | |a dotácie štátne |
| 610 | 2 | 0 | |a Slovensko |
| 100 | 1 | |a Beer, Gabriel | |